000 00518nam a2200169Ia 4500
003 GCL
008 140319s9999 xx 000 0 ara d
040 _aGCL /
_cGCL
082 0 4 _a920
_bس ش
100 1 _aسومرسيت فراى، بلانتاجيت
245 1 0 _aالف شخصية عظيمة /
_cسومرسيت فراى، بلانتاجيت
700 1 _aمازن طليمات
300 _a463 ص
490 _aالهيئة العامة للاستعلامات
_v0
650 0 4 _aالتراجم
942 _2ddc
_cBK
999 _c49130
_d49130